| 000 | 01464nam a2200433 i 4500 | ||
|---|---|---|---|
| 001 | 5828 | ||
| 003 | KOSZ 005 | ||
| 005 | 20200130132854.0 | ||
| 008 | 981103s1985 pl a f |000 0 pol | ||
| 015 | _aPB 1986/105 | ||
| 020 | _a8321332730 | ||
| 035 | _a(PL-WaBN)b11947706-48omnis_nlop | ||
| 035 | _ab11947706 | ||
| 035 | _a(OCoLC)749517861 | ||
| 035 | _a(PL)b0000011947706 | ||
| 040 |
_aWA N _cWA N _dKOSZ 005/HR |
||
| 041 | 0 | _apol | |
| 046 | _k1985 | ||
| 080 | _a69.05 | ||
| 245 | 0 | 0 |
_aPodstawy organizacji zarządzania i technologii w budownictwie / _ckier. zespołu aut. Zygmunt Michnowski ; aut. Kazimierz Jaworski [et al.]. |
| 260 |
_aWarszawa : _b"Arkady", _c1985 _e(Warsz : _fDRP). |
||
| 300 |
_a322, [6] s. : _brys., wykr. ; _c25 cm. |
||
| 336 |
_2rdacontent _aTekst _btxt |
||
| 337 |
_2rdamedia _aBez urządzenia pośredniczącego _bn |
||
| 338 |
_2rdacarrier _aWolumin _bnc |
||
| 380 | _aKsiążki | ||
| 380 | _aPublikacje fachowe | ||
| 388 | _a1901-2000 | ||
| 504 | _aBibliogr. przy rozdz. | ||
| 658 | _aArchitektura i budownictwo | ||
| 650 | 7 |
_aBudownictwo _2DBN |
|
| 650 | 7 | _aOrganizacja | |
| 700 | 1 |
_aMichnowski, Zygmunt. _eRedakcja |
|
| 710 | 2 |
_aWydawnictwo "Arkady". _4pbl |
|
| 700 | 1 |
_aJaworski, Kazimierz Maksymilian _d(1943-2007) _eAutor |
|
| 856 |
_uhttp://koha.tu.koszalin.pl/cgi-bin/koha/opac-detail.pl?biblionumber=5828 _zKatalog online BPK |
||
| 942 |
_2UKD _cKS |
||
| 999 |
_c5828 _d5828 |
||